The NGLS handbook of UN agencies, programmes, funds and conventions working for sustainable economic and social development / (Record no. 59212)

MARC details
000 -LEADER
campo de control de longitud fija 01466cam a2200349Ia 4500
001 - NÚMERO DE CONTROL
campo de control 98524
005 - FECHA Y HORA DE LA ÚLTIMA TRANSACCIÓN
campo de control 20230410121149.0
008 - DATOS DE LONGITUD FIJA--INFORMACIÓN GENERAL
campo de control de longitud fija 001129s2000 sz r i000 0 eng d
035 ## - NÚMERO DE CONTROL DEL SISTEMA
Número de control de sistema (OCoLC)ocm45436698
040 ## - FUENTE DE CATALOGACIÓN
Centro catalogador/agencia de origen ESU
Centro/agencia transcriptor ESU
Centro/agencia modificador GUL
-- IUL
-- OCL
-- OCLCQ
-- NLGGC
-- NYDRD
019 ## -
-- 81007730
029 1# - OTRO NÚMERO DE CONTROL DE SISTEMA (OCLC)
Identificador de la biblioteca OCLC NLGGC
Número de control de sistema 217195644
035 ## - NÚMERO DE CONTROL DEL SISTEMA
Número de control de sistema (OCoLC)45436698
Número de control cancelado/no válido (OCoLC)81007730
050 14 - SIGNATURA TOPOGRÁFICA DE LA BIBLIOTECA DEL CONGRESO
Número de clasificación JX 1995
Número de ítem U58n 2000
082 00 - NÚMERO DE LA CLASIFICACIÓN DECIMAL DEWEY
Número de clasificación 341.2/025
086 ## - NÚMERO DE CLASIFICACIÓN PARA DOCUMENTOS GUBERNAMENTALES
Número de clasificación [TD/]UNCTAD/NGLS/153
Fuente del número undoc
110 2# - ENTRADA PRINCIPAL--NOMBRE DE ENTIDAD CORPORATIVA
Nombre de entidad corporativa o nombre de jurisdicción como elemento de entrada United Nations Non-Governmental Liaison Service.
245 14 - MENCIÓN DEL TÍTULO
Título The NGLS handbook of UN agencies, programmes, funds and conventions working for sustainable economic and social development /
Mención de responsabilidad, etc. United Nations Non-Governmental Liaison Service ; [edited by Adrienne Cruz].
246 14 - FORMA VARIANTE DEL TITULO
Título propio/Titulo breve NGLS handbook : for NGOs about UN agencies, programmes and funds working for economic and social development, human rights and humanitarian operations, and environmental conventions
250 ## - MENCION DE EDICION
Mención de edición 3rd ed.
260 ## - PUBLICACIÓN, DISTRIBUCIÓN, ETC.
Lugar de publicación, distribución, etc. Geneva, Switzerland ;
-- New York, NY :
Nombre del editor, distribuidor, etc. United Nations Non-Governmental Liaison Service- NGLS,
Fecha de publicación, distribución, etc. 2000.
300 ## - DESCRIPCIÓN FÍSICA
Extensión xii, 372 p. ;
Dimensiones 21 cm.
500 ## - NOTA GENERAL
Nota general "UNCTAD/NGLS/153"--T.p. verso.
506 ## - NOTA DE RESTRICCIONES AL ACCESO
Limitaciones de acceso Distribution: General.
650 #0 - PUNTO DE ACCESO ADICIONAL DE MATERIA--TÉRMINO DE MATERIA
Término de materia o nombre geográfico como elemento de entrada International agencies
Subdivisión de forma Directories.
610 20 - PUNTO DE ACCESO ADICIONAL DE MATERIA--NOMBRE DE ENTIDAD CORPORATIVA
Nombre de entidad corporativa o nombre de jurisdicción como elemento de entrada United Nations
Subdivisión de forma Directories.
650 #4 - PUNTO DE ACCESO ADICIONAL DE MATERIA--TÉRMINO DE MATERIA
Término de materia o nombre geográfico como elemento de entrada Organismos internacionales
Subdivisión general Directorios
700 1# - ENTRADA AGREGADA--NOMBRE PERSONAL
Nombre de persona Cruz, Adrienne.
942 ## - ELEMENTOS DE ENTRADA SECUNDARIOS (KOHA)
Fuente del sistema de clasificación o colocación Clasificación de Library of Congress
Tipo de ítem Koha
946 ## - PROCESAMIENTO DE INFORMACIÓN LOCAL (OCLC)
a KK
994 ## -
-- C0
-- DRFGD
Holdings
Estatus retirado Estado de pérdida Fuente del sistema de clasificación o colocación Estado de daño No para préstamo Colección Biblioteca de origen Biblioteca actual Ubicación en estantería Fecha de adquisición Serial enumeration / chronology Signatura topográfica completa Código de barras Visto por última vez Copia número Tipo de ítem Koha
    Clasificación de Library of Congress     Ciencias Sociales Biblioteca Juan Bosch Biblioteca Juan Bosch Ciencias Sociales (3er. Piso) 10/04/2023 1 JX 1995 U58n 2000 00000078808 24/10/2018 1